Score 0/100 Timer 20:00
0 Plays Today
Time Show % Correct
0:44-0:49The Jetsons
72.1%
4:18-4:24The Simpsons
70.4%
7:12-7:19Scooby Doo, Where Are You!
70.2%
8:24-8:29Rugrats
66%
5:05-5:10Animaniacs
61.9%
1:16-1:23DuckTales
55.4%
2:23-2:27Doug
55.2%
4:01-4:07Winnie-the-Pooh
54.3%
3:15-3:21Tom and Jerry
51.7%
5:51-5:55Johnny Bravo
51.6%
6:33-6:38The Fairly Odd Parents
49.7%
6:59-7:06Popeye the Sailor
48.7%
5:16-5:22Dexter's Laboratory
48.5%
8:07-8:13Yogi Bear
47.4%
7:48-7:54King of the Hill
47.3%
5:22-5:27Recess
45%
8:20-8:24Ed, Edd n Eddy
42.3%
1:44-1:51Thundercats
41.4%
0:00-0:04TaleSpin
41.3%
9:31-9:37X-Men: The Animated Series
40.4%
4:29-4:36Superman: The Animated Series
40.2%
5:10-5:16Teen Titans
39.6%
0:34-0:39The Ren and Stimpy Show
39.1%
0:39-0:44Goof Troop
37.8%
7:42-7:48Phineas and Ferb
37.7%
0:49-0:54Speed Racer
37.4%
8:29-8:37Mighty Mouse
35.8%
3:49-3:55Transformers
33.3%
8:00-8:07Josie and The Pussycats
33.2%
9:18-9:25Wacky Races
33%
3:35-3:40She-Ra: Princess of Power
33%
3:55-4:01The Real Ghostbusters
31.3%
4:43-4:48Ben 10
30.9%
3:28-3:35As Told By Ginger
29.9%
Time Show % Correct
2:43-2:48Rocko's Modern Life
29.5%
8:48-8:53Muppet Babies
29.2%
6:38-6:45Freakazoid!
28.1%
7:31-7:36Gargoyles
26.8%
7:24-7:31Danger Mouse
26.1%
1:39-1:44Strawberry Shortcake
25.7%
2:11-2:17Invader Zim
23.2%
6:18-6:26The Care Bears
22.3%
1:23-1:28Bobby's World
21.8%
9:07-9:12Totally Spies!
21.7%
0:54-0:59The Tick
19.6%
4:59-5:05Jonny Quest
19.6%
3:08-3:15Batman Beyond
19.4%
2:27-2:32Aaahh!!! Real Monsters
18.6%
4:36-4:43The Rocky and Bullwinkle Show
18.6%
9:25-9:31Beavis and Butt-head
18.2%
8:37-8:416teen
17.3%
8:59-9:07M.A.S.K.
17.1%
0:29-0:34Harvey Birdman, Attorney at Law
16.8%
1:51-1:57Super Friends
15.5%
4:48-4:54Winx Club
15.2%
0:04-0:12Dennis the Menace
14.2%
1:28-1:33Heathcliff and The Catillac Cats
13.7%
3:40-3:44Jabberjaw
13.5%
5:39-5:45Duck Dodgers
13.2%
2:57-3:03Captain Caveman and the Teen Angels
12.4%
8:41-8:48Sealab 2021
12.3%
2:32-2:38The Raccoons
11.5%
6:09-6:14SWAT Kats: The Radical Squadron
11.5%
1:05-1:11Samurai Pizza Cats
11.2%
7:54-8:00Earthworm Jim
10.7%
8:53-8:59Space Ghost Coast to Coast
10.1%
4:07-4:13Squidbillies
9.9%
0:22-0:29Denver the Last Dinosaur
9.6%
Time Show % Correct
1:57-2:04ReBoot
9.4%
0:17-0:22Xiaolin Showdown
9.4%
2:17-2:23Fillmore!
8%
6:02-6:09The Life and Times of Juniper Lee
7.4%
4:24-4:29Pirates of Dark Water
7.3%
6:14-6:18C.O.P.S.
7.3%
2:48-2:53Eek! The Cat
7.2%
2:53-2:57BraveStarr
6.8%
6:51-6:59Thundarr the Barbarian
6.7%
6:26-6:33Cybersix
6.3%
0:12-0:17Hulk Hogan's Rock 'n' Wrestling
6.2%
1:11-1:16Ned's Newt
5.5%
5:45-5:51Kidd Video
5.4%
8:13-8:20Roobarb
5.4%
9:37-9:43Pole Position
5.2%
0:59-1:05Paw Paws
5.1%
3:03-3:08ATOM
5%
6:45-6:51Visionaries: Knights of the Magical Light
4.9%
3:44-3:49Storm Hawks
4.6%
5:27-5:32The Mr. Men Show
4%
3:21-3:28Ulysses 31
3.9%
4:54-4:59Popples
3.8%
2:38-2:43Mighty Orbots
3.8%
5:32-5:39Kissyfur
3.8%
9:12-9:18TigerSharks
3.6%
2:04-2:11The Adventures of the Galaxy Rangers
3.5%
7:36-7:42Gravedale High
3%
7:06-7:12The Legend of Prince Valiant
3%
7:19-7:24Spiral Zone
3%
5:55-6:02Maxie's World
2.8%
1:33-1:39Ring Raiders
2.5%
4:13-4:18Little Wizards
2.3%
Remove Ads.
Support Sporcle.
Get the best of Sporcle when you Go Orange. This ad-free experience offers more features, more stats, and more fun while also helping to support Sporcle. Thank you for becoming a member.

You're not logged in!

Compare scores with friends on all Sporcle quizzes.
OR
Log In

Show Comments

Extras

Top Quizzes Today


Score Distribution

Your Account Isn't Verified!

In order to create a playlist on Sporcle, you need to verify the email address you used during registration. Go to your Sporcle Settings to finish the process.

Report this User

Report this user for behavior that violates our Community Guidelines.

Details: